000 00481nam a22001697a 4500
003 MACL
005 20160413161126.0
008 160413b xxu||||| |||| 00| 0 eng d
040 _cMACL
041 _aHindi
082 _a340
100 _aमीनाक्षी सिंह
_952290
245 _aमहिला कानून
260 _aगुडगांव
_bमहेन्‍द्र बुक कम्‍पनी
650 _aCourt
_93422
942 _2ddc
_cHIN
999 _c53788
_d53788